[Event "Nordic-ch Seniors"]
[Site "Bornholm"]
[Date "2013.09.16"]
[Round "9"]
[White "Johnsen, Gunnar"]
[Black "Kristjansson, Sigurdur"]
[Result "1-0"]
[WhiteElo "2171"]
[BlackElo "1912"]
[PlyCount "73"]
[EventDate "2013.09.07"]
[EventType "swiss"]
[EventRounds "9"]
[EventCountry "DEN"]
[SourceTitle "CBM 156 Extra"]
[Source "ChessBase"]
[SourceDate "2013.10.22"]
[SourceVersion "1"]
[SourceVersionDate "2013.10.22"]
[SourceQuality "1"]

1. d4 Nf6 2. c4 g6 3. Nc3 Bg7 4. e4 d6 5. Nf3 0-0 6. h3 c6 7. Be3 Qc7 8. Be2 e5 9. d5 c5 10. g4 a6 11. a4 b6 12. Nd2 a5 13. h4 Na6 14. Nf1 Nb4 15. Ng3 Qd7 16. f3 Qe7 17. Qd2 Ne8 18. 0-0-0 f6 19. Rdg1 Ra7 20. h5 g5 21. h6 Bh8 22. Nb5 Rd7 23. Nf5 Qd8 24. Rh5 Rff7 25. f4 exf4 26. Bxf4 gxf4 27. g5 Kf8 28. Qxf4 Rde7 29. Nfxd6 f5 30. Nxf7 Kxf7 31. g6+ hxg6 32. Qg5 Nf6 33. Qxg6+ Kf8 34. h7 Rxe4 35. Qg8+ Ke7 36. Rg7+ Bxg7 37. Qxg7+ 1-0

[Event "Nordic-ch Seniors"]
[Site "Bornholm"]
[Date "2013.09.15"]
[Round "8"]
[White "Bjorgvik, Jan Arne"]
[Black "Kristjansson, Sigurdur"]
[Result "1/2-1/2"]
[WhiteElo "1840"]
[BlackElo "1912"]
[PlyCount "113"]
[EventDate "2013.09.07"]
[EventType "swiss"]
[EventRounds "9"]
[EventCountry "DEN"]
[SourceTitle "CBM 156 Extra"]
[Source "ChessBase"]
[SourceDate "2013.10.22"]
[SourceVersion "1"]
[SourceVersionDate "2013.10.22"]
[SourceQuality "1"]

1. e4 Nf6 2. Nc3 d5 3. exd5 Nxd5 4. Bc4 c6 5. Nxd5 cxd5 6. Bb5+ Bd7 7. Bxd7+ Nxd7 8. d4 g6 9. Nf3 Bg7 10. 0-0 0-0 11. Re1 e6 12. c3 Qb6 13. Qb3 Rac8 14. Be3 a6 15. Rac1 Qc6 16. Nd2 b5 17. a3 Rfe8 18. Qd1 Qd6 19. Nf3 a5 20. Re2 a4 21. Qd3 Qc6 22. Rec2 Qc4 23. Qf1 Qxf1+ 24. Kxf1 Ra8 25. Bf4 Nb6 26. Re1 Nc4 27. Ne5 f6 28. Nd3 e5 29. dxe5 fxe5 30. Nxe5 Bxe5 31. Rce2 Nxb2 32. Bxe5 Nc4 33. f4 Nxa3 34. Rd1 Nc4 35. Rxd5 a3 36. Re1 a2 37. Rdd1 Ne3+ 38. Rxe3 a1Q 39. Rxa1 Rxa1+ 40. Kf2 Kf7 41. Rd3 Ra7 42. g4 Rb7 43. h4 b4 44. cxb4 Rxb4 45. Kg3 Rb7 46. g5 Ke6 47. Kg4 Rd7 48. Ra3 Ree7 49. Re3 Rf7 50. Ra3 Rd1 51. Ra6+ Ke7 52. Bf6+ Kd7 53. Ra7+ Ke6 54. Ra6+ Kd5 55. Ra5+ Ke6 56. Ra6+ Rd6 57. Ra5 1/2-1/2

[Event "Nordic-ch Seniors"]
[Site "Bornholm"]
[Date "2013.09.14"]
[Round "7"]
[White "Kristjansson, Sigurdur"]
[Black "Malmdin, Nils Ake"]
[Result "1/2-1/2"]
[WhiteElo "1912"]
[BlackElo "2230"]
[PlyCount "131"]
[EventDate "2013.09.07"]
[EventType "swiss"]
[EventRounds "9"]
[EventCountry "DEN"]
[SourceTitle "CBM 156 Extra"]
[Source "ChessBase"]
[SourceDate "2013.10.22"]
[SourceVersion "1"]
[SourceVersionDate "2013.10.22"]
[SourceQuality "1"]

1. c4 g6 2. Nf3 Bg7 3. g3 c5 4. Bg2 Nc6 5. 0-0 d6 6. d3 Bf5 7. Nc3 Qd7 8. Rb1 Bh3 9. Nd5 Bxg2 10. Kxg2 e6 11. Nc3 Nge7 12. e4 0-0 13. a3 b6 14. Bf4 Rad8 15. Qc1 f5 16. Bh6 Nd4 17. Bxg7 Kxg7 18. Nxd4 cxd4 19. Ne2 fxe4 20. dxe4 e5 21. b3 Rc8 22. Qd2 b5 23. cxb5 Qxb5 24. f3 Rc6 25. Rb2 Rfc8 26. Rc1 a5 27. Qg5 Qb7 28. h4 d3 29. Rxc6 Rxc6 30. Nc1 Rc2+ 31. Rxc2 dxc2 32. Qd2 Qc7 33. b4 axb4 34. Qxb4 Qc5 35. Qxc5 dxc5 36. Kf2 Kf7 37. Ke3 Nc6 38. Kd3 Ke6 39. f4 Nd4 40. a4 exf4 41. gxf4 Kd6 42. Kc4 Kc6 43. Kc3 h5 44. Kd3 Nf3 45. Kxc2 Nxh4 46. Kd3 Ng2 47. f5 Nf4+ 48. Ke3 g5 49. f6 h4 50. Ne2 h3 51. f7 Ne6 52. Kf3 Kd7 53. a5 Ke7 54. a6 Kxf7 55. Kg4 h2 56. Ng3 Nc7 57. a7 Ke6 58. Kxg5 Ke5 59. Kg4 h1Q 60. Nxh1 Kxe4 61. Ng3+ Kd5 62. Kf4 Kc6 63. Ke5 Kb6 64. Kd6 Nb5+ 65. Kd5 Nxa7 66. Ne4 1/2-1/2

[Event "Nordic-ch Seniors"]
[Site "Bornholm"]
[Date "2013.09.12"]
[Round "6"]
[White "Kristjansson, Sigurdur"]
[Black "Lykke, Hans Christian"]
[Result "1-0"]
[WhiteElo "1912"]
[BlackElo "1252"]
[PlyCount "99"]
[EventDate "2013.09.07"]
[EventType "swiss"]
[EventRounds "9"]
[EventCountry "DEN"]
[SourceTitle "CBM 156 Extra"]
[Source "ChessBase"]
[SourceDate "2013.10.22"]
[SourceVersion "1"]
[SourceVersionDate "2013.10.22"]
[SourceQuality "1"]

1. c4 c5 2. Nc3 Nc6 3. Nf3 Nf6 4. g3 g6 5. Bg2 Bg7 6. d3 d6 7. 0-0 0-0 8. Bd2 Bd7 9. Rb1 Rb8 10. Qc1 Qc8 11. Nd5 Nxd5 12. cxd5 Nd4 13. Qd1 Nxf3+ 14. Bxf3 e5 15. dxe6 Bxe6 16. Qa4 a6 17. b3 b5 18. Qh4 h5 19. Rfc1 b4 20. Kg2 Qc7 21. Bxb4 a5 22. Bc3 Bxc3 23. Rxc3 Rb4 24. Qg5 Bg4 25. h3 Bxf3+ 26. Kxf3 Qb7+ 27. e4 Kg7 28. Rbc1 f5 29. Rc4 fxe4+ 30. Ke2 exd3+ 31. Kxd3 Qf3+ 32. Qe3 Qxe3+ 33. Kxe3 Re8+ 34. Kf3 Re5 35. R1c2 Rf5+ 36. Kg2 Re5 37. f4 Rxc4 38. bxc4 Re4 39. Kf3 Rd4 40. Rc3 Kf6 41. g4 g5 42. f5 hxg4+ 43. hxg4 Rf4+ 44. Kg3 Ke5 45. Re3+ Kd4 46. Re6 Kxc4 47. Rxd6 Re4 48. Rg6 Re3+ 49. Kf2 Kd4 50. Rd6+ 1-0

[Event "Nordic-ch Seniors"]
[Site "Bornholm"]
[Date "2013.09.10"]
[Round "4"]
[White "Kristjansson, Sigurdur"]
[Black "Ottesen, Soren Rud"]
[Result "1-0"]
[WhiteElo "1912"]
[BlackElo "1768"]
[PlyCount "121"]
[EventDate "2013.09.07"]
[EventType "swiss"]
[EventRounds "9"]
[EventCountry "DEN"]
[SourceTitle "CBM 156 Extra"]
[Source "ChessBase"]
[SourceDate "2013.10.22"]
[SourceVersion "1"]
[SourceVersionDate "2013.10.22"]
[SourceQuality "1"]

1. c4 e5 2. Nc3 Nf6 3. g3 d5 4. cxd5 Nxd5 5. Bg2 c6 6. Nf3 Bd6 7. 0-0 0-0 8. d3 h6 9. Qb3 Nb6 10. Be3 Be6 11. Qc2 N8d7 12. Ne4 Bc7 13. Nc5 Nxc5 14. Bxc5 Re8 15. b3 Nd7 16. Ba3 Nf6 17. Bb2 Bf5 18. Rad1 Bd6 19. Nd2 Bf8 20. Nc4 Qc7 21. Qc3 e4 22. d4 Nd5 23. Qc1 Rad8 24. Ne3 Qd7 25. Nxf5 Qxf5 26. Qb1 Qe6 27. a3 f5 28. e3 Bd6 29. Qc2 Qg6 30. Rfe1 Kh8 31. b4 Rc8 32. Rc1 h5 33. h4 Qh6 34. Bh3 Qf6 35. Qe2 g6 36. b5 Kh7 37. bxc6 bxc6 38. Qa6 Bb8 39. Rc2 Rc7 40. Rec1 Rec8 41. Bf1 Qd6 42. Bb5 Nb6 43. Be2 Nd5 44. Bc4 Nxe3 45. fxe3 Qxg3+ 46. Kf1 Qxe3 47. Be2 Qh3+ 48. Ke1 e3 49. Rc5 Qxh4+ 50. Kd1 Qf2 51. Kc2 f4 52. Rf1 Qg2 53. Qd3 Re7 54. Rxh5+ Kg7 55. d5+ Kg8 56. Rh8+ Kf7 57. Rxc8 Be5 58. Bxe5 Rxe5 59. Rxf4+ Kg7 60. Rg4 Qh1 61. Qxg6# 1-0

[Event "Nordic-ch Seniors"]
[Site "Bornholm"]
[Date "2013.09.07"]
[Round "1"]
[White "Wihlborn, Bengt"]
[Black "Kristjansson, Sigurdur"]
[Result "1-0"]
[WhiteElo "1811"]
[BlackElo "1912"]
[PlyCount "91"]
[EventDate "2013.09.07"]
[EventType "swiss"]
[EventRounds "9"]
[EventCountry "DEN"]
[SourceTitle "CBM 156 Extra"]
[Source "ChessBase"]
[SourceDate "2013.10.22"]
[SourceVersion "1"]
[SourceVersionDate "2013.10.22"]
[SourceQuality "1"]

1. Nf3 c5 2. c4 Nc6 3. Nc3 Nf6 4. d4 cxd4 5. Nxd4 g6 6. g3 Bg7 7. Bg2 0-0 8. Nc2 d6 9. 0-0 Be6 10. b3 Ne4 11. Nxe4 Bxa1 12. Nxa1 f6 13. Nc3 Bf7 14. Nc2 Rc8 15. Bb2 a6 16. Qd2 Kg7 17. Rd1 Qa5 18. Nd4 Qh5 19. Nd5 Nxd4 20. Bxd4 Bxd5 21. Bxd5 b5 22. Bb7 Rc7 23. Bxa6 bxc4 24. bxc4 Rb8 25. a4 Qf5 26. Bb5 Qe6 27. Be3 Rxc4 28. Bxc4 Qxc4 29. a5 Rb5 30. Bb6 Rh5 31. Qe3 Re5 32. Qd3 Qc8 33. Qf3 Qa6 34. e3 Rxa5 35. Bxa5 Qxa5 36. Qd5 Qb6 37. Kg2 h5 38. Ra1 f5 39. h4 Qc7 40. Ra8 e6 41. Qa5 Qc6+ 42. Kh2 Qf3 43. Ra7+ Kh6 44. Qd2 e5 45. Kg1 e4 46. Qxd6 1-0

[Event "Nordic-ch Seniors"]
[Site "Reykjavik"]
[Date "2011.09.17"]
[Round "8"]
[White "Kristjansson, Sigurdur"]
[Black "Solmundarson, Magnus"]
[Result "0-1"]
[WhiteElo "1924"]
[BlackElo "2219"]
[PlyCount "94"]
[EventDate "2011.09.10"]
[EventType "swiss"]
[EventRounds "9"]
[EventCountry "ISL"]
[SourceTitle "CBM 144 Extra"]
[Source "ChessBase"]
[SourceDate "2011.10.28"]
[SourceVersion "1"]
[SourceVersionDate "2011.10.28"]
[SourceQuality "1"]

1. c4 c5 2. Nf3 Nf6 3. g3 d5 4. cxd5 Nxd5 5. Bg2 g6 6. 0-0 Bg7 7. d3 0-0 8. Nbd2 Nc6 9. Rb1 b6 10. a3 Bb7 11. Qc2 Rc8 12. Qa4 e6 13. Nc4 Qd7 14. Ne3 Rfd8 15. Qh4 Qe7 16. Qxe7 Ncxe7 17. Ng4 h5 18. Ne3 Nxe3 19. fxe3 Nf5 20. Kf2 c4 21. e4 Nd6 22. Ne1 Nb5 23. Bf3 c3 24. a4 cxb2 25. Bxb2 Bxb2 26. Rxb2 Nc3 27. Ng2 Nxa4 28. Rd2 Nc5 29. Ra2 a6 30. g4 hxg4 31. Bxg4 b5 32. Bf3 e5 33. Ke3 Ne6 34. Rg1 Nd4 35. Ne1 b4 36. h4 b3 37. Rb2 Kf8 38. h5 gxh5 39. Bxh5 a5 40. Rf1 Rc7 41. Nf3 Nxf3 42. Rxf3 a4 43. Rf1 Rd4 44. Rf5 Rb4 45. Rxe5 a3 46. Rxb3 Rxb3 47. Ra5 Bc8 0-1

[Event "Nordic-ch Seniors"]
[Site "Reykjavik"]
[Date "2011.09.15"]
[Round "6"]
[White "Kristjansson, Sigurdur"]
[Black "Andersson, Sven Olof"]
[Result "1/2-1/2"]
[WhiteElo "1924"]
[BlackElo "2052"]
[PlyCount "44"]
[EventDate "2011.09.10"]
[EventType "swiss"]
[EventRounds "9"]
[EventCountry "ISL"]
[SourceTitle "CBM 144 Extra"]
[Source "ChessBase"]
[SourceDate "2011.10.28"]
[SourceVersion "1"]
[SourceVersionDate "2011.10.28"]
[SourceQuality "1"]

1. c4 c5 2. Nf3 Nc6 3. g3 g6 4. Bg2 Bg7 5. 0-0 e5 6. Nc3 Nge7 7. d3 0-0 8. Bd2 d6 9. Rb1 Rb8 10. Qc1 Nf5 11. a3 Ncd4 12. b4 Nxf3+ 13. Bxf3 Nd4 14. Bg2 Bg4 15. f3 Bd7 16. Bh6 cxb4 17. axb4 b5 18. Bxg7 Kxg7 19. e3 Ne6 20. f4 f5 21. Bd5 Nc7 22. Qb2 Qf6 1/2-1/2

[Event "Nordic-ch Seniors"]
[Site "Reykjavik"]
[Date "2011.09.10"]
[Round "1"]
[White "Sorensen, Bent"]
[Black "Kristjansson, Sigurdur"]
[Result "1-0"]
[WhiteElo "2341"]
[BlackElo "1924"]
[PlyCount "107"]
[EventDate "2011.09.10"]
[EventType "swiss"]
[EventRounds "9"]
[EventCountry "ISL"]
[SourceTitle "CBM 144 Extra"]
[Source "ChessBase"]
[SourceDate "2011.10.28"]
[SourceVersion "1"]
[SourceVersionDate "2011.10.28"]
[SourceQuality "1"]

1. Nf3 Nf6 2. g3 g6 3. Bg2 Bg7 4. c4 0-0 5. Nc3 c6 6. e4 d6 7. 0-0 Be6 8. Qe2 Qc8 9. d4 Bh3 10. Re1 Bxg2 11. Kxg2 Na6 12. h3 Qc7 13. Be3 e5 14. a3 Qe7 15. dxe5 dxe5 16. b4 Rfd8 17. Red1 Nd7 18. Rd3 Nc7 19. Rad1 Ne6 20. Na4 Ndf8 21. Rxd8 Nxd8 22. Bc5 Qe8 23. Bd6 f6 24. Nc5 Nfe6 25. Nb3 Nf7 26. c5 Rd8 27. Rd3 Nxd6 28. cxd6 b6 29. Qc2 Qd7 30. Nfd2 Bf8 31. Rc3 Rc8 32. Nc4 Ng5 33. h4 Nf7 34. Rd3 Bxd6 35. Qd1 Rd8 36. Nc5 Qe7 37. Nb3 Bc7 38. Ne3 Nd6 39. Qc2 Qd7 40. Rc3 Bb8 41. Rxc6 Rc8 42. b5 Rd8 43. a4 f5 44. exf5 gxf5 45. Nd2 e4 46. Ndc4 Nxc4 47. Qxc4+ Kg7 48. Qc3+ Kg8 49. Rf6 Qd3 50. Qc6 Qd7 51. Qc4+ Kh8 52. Qc3 Kg8 53. Nxf5 Qd3 54. Rg6+ 1-0